| 000 | 00421nam a22001577a 4500 | ||
|---|---|---|---|
| 003 | SGT | ||
| 020 | _a978-81-935235-6-8 | ||
| 082 |
_a610.01 _br18s |
||
| 100 | _aSUKUMAR, BARGALE SUSHANT | ||
| 245 | _aRESEARCH METHODOLOGY AND MEDICAL STATISTICS | ||
| 260 |
_aVARANASI _bCHAUKHAMBA PUB _c2018 |
||
| 300 | _a479 | ||
| 650 | _aAYURVEDA | ||
| 653 | _aRESEARCH, RESEARCH,METHODOLOGY,MEDICAL, STATISTICS | ||
| 942 |
_2ddc _cBK _04 |
||
| 999 |
_c16936 _d16936 |
||